| 000 -GUIDE |
| Champ de contrôle de longueur fixe |
02565nam a22003617a 4500 |
| 003 - IDENTITÉ DU NUMÉRO DE CONTRÔLE |
| Champ de contrôle |
BI-BuBU |
| 008 - ÉLÉMENTS DE LONGUEUR FIXE - RENSEIGNEMENTS GÉNÉRAUX |
| Champ de contrôle de longueur fixe |
161122b2016 bd ||||fr|||| 00| 0 fre d |
| 037 ## - SOURCE D'ACQUISITION |
| Source d'acquisition et du numéro d'inventaire |
Don de l' auteur |
| 039 ## - NIVEAU DE CONTRÔLE BIBLIOGRAPHIQUE ET HISTORIQUE D'ENCODAGE [OBSOLETE] |
| Date creation |
20161122104343.0 |
| Nom catalographe |
Marie Goretti Ndayizeye |
| 040 ## - SOURCE DU CATALOGAGE |
| Organisme qui a effectué le catalogage original |
BI-BuBU |
| Code de la langue utilisée dans le catalogage |
fre |
| Organisme qui a effectué la transcription |
BI-BuBU |
| Organisme qui a effectué la modification |
BI-BuBU |
| 041 0# - CODE DE LANGUE |
| Code de langue du texte/de la piste sonore ou du titre distinct |
fre |
| 080 ## - INDICE DE LA CLASSIFICATION DÉCIMALE UNIVERSELLE (CDU) |
| Indice de la Classification décimale universelle |
372.880.20 |
| 100 1# - VEDETTE PRINCIPALE - NOM DE PERSONNE |
| Code de relation |
aut. |
| Nom de personne |
Ntezicimpa ,Jeanne |
| 245 10 - MENTION DU TITRE |
| Titre |
Factors that contribute to the lack of oral fluency in english as a foreign language |
| Reste du titre |
a case study of arts first forms in selected secondary schools in the province of Kayanza |
| Mention de responsabilité, etc. |
Jeanne Ntezicimpa ; Antoine Nteziryayo, supervisor |
| 260 ## - PUBLICATION, DIFFUSION, ETC. (ADRESSE BIBLIOGRAPHIQUE) |
| Lieu de publication, diffusion, etc. |
Bujumbura |
| Nom de l'éditeur, diffuseur, etc. |
University of Burundi, Facullty of arts and social sciences |
| Date of publication, distribution, etc |
2016 |
| 300 ## - DESCRIPTION MATÉRIELLE |
| Collation |
V-54 f. |
| Dimensions |
30 cm. |
| 500 ## - NOTE GÉNÉRALE |
| Note générale |
A thesis submitted in partial fulfillment of the requirements for the award of the Degree "Licence en langue et Littérature Anglaises" |
| 520 ## - RÉSUMÉ, ETC. |
| Résumé, etc. |
Résumé,<br/><br/>This study sought to scrutinize the factors that contribute to the lack of oral fluency in English as a foreign language in some selected secondary schools in the province of kayanza.This study was intended to answer a number of questions that guided the research. Such questions include the following : To what extent is the linguistic environment a handicap to he learner'oral fluency in English?<br/>Does interference from the students'mother tongue hinder their oral fluency in Englsh? Does motivation have an influence on oral fluency in English langage? To what extent does the lack of teaching materials influence the lack of oral fluency in English? To get answer to those questions, a naturel observation was used and the students and teachers'questonnaires were administered. This was done to serve the audience readers as a key to understanding the dffculties foreign language learners meet while expressing themselves. The study was carried out with 81 subjects, 6 teachers, 75 students of first form arts in 6 schools in the province of Kayanza. From the conclusion drawn, recommendation were made and formulated in the light of research findings. |
| 600 ## - VEDETTE-MATIÈRE - NOM DE PERSONNE |
| Source du terme |
BI-BuBU |
| 610 ## - VEDETTE-MATIÈRE - NOM DE COLLECTIVITÉ |
| Source du terme |
BI-BuBU |
| 611 ## - VEDETTE-MATIÈRE - NOM DE RÉUNION |
| Source du terme |
BI-BuBU |
| 648 ## - VEDETTE-MATIÈRE - TERME CHRONOLOGIQUE |
| Source du terme |
BI-BuBU |
| 650 #7 - VEDETTE-MATIÈRE - NOM COMMUN |
| Source du terme |
BI-BuBU |
| Vedette de sujet ou vedette comportant un nom géographique |
Anglais (Langue étrangère) |
| Subdivision générale |
Enseignement |
| -- |
Ecole secondaire |
| Subdivision géographique |
Kayanza (Province) |
| 651 ## - VEDETTE-MATIÈRE - NOM GÉOGRAPHIQUE |
| Source du terme |
BI-BuBU |
| 654 ## - VEDETTE-MATIÈRE - TERMES À FACETTES |
| Source du terme |
BI-BuBU |
| 655 #7 - TERME D'INDEXATION - GENRE OU FORME |
| Source du terme |
BI-BuBU |
| Données ou terme dominant sur le genre ou la forme |
Mémoire |
| 662 ## - VEDETTE-MATIÈRE - NOM HIÉRARCHIQUE DE LIEU |
| Source du terme |
BI-BuBU |
| 690 ## - VEDETTE MATIÈRE LOCALE --VEDETTE (OCLC, RLIN) |
| Source du terme |
BI-BuBU |
| 700 1# - VEDETTE SECONDAIRE - NOM DE PERSONNE |
| Code de relation |
dir. |
| Nom d'auteur |
Nteziryayo,Antoine |
| 710 ## - VEDETTE SECONDAIRE - NOM DE COLLECTIVITÉ |
| Nom de la collectivité ou nom de lieu comme élément de classement |
University of Burundi |
| Collectivité subordonnée |
Faculty of Arts and Social Sciences |
| 942 ## - ÉLÉMENTS D'ENTRÉE ADDITIONNELLE (KOHA) |
| Source de la classification ou du système de rangement |
|
| Type d item koha |
Memoire |